100 ʻēkkasān samkhan : (Record no. 34360)

MARC details
000 -LEADER
fixed length control field 03416cam a2200601 a 4500
001 - CONTROL NUMBER
control field 15942182
003 - CONTROL NUMBER IDENTIFIER
control field OSt
005 - DATE AND TIME OF LATEST TRANSACTION
control field 20220405143232.0
008 - FIXED-LENGTH DATA ELEMENTS--GENERAL INFORMATION
fixed length control field 091013m20092012th a b 000 0 thao
010 ## - LIBRARY OF CONGRESS CONTROL NUMBER
LC control number 2009328566
020 ## - INTERNATIONAL STANDARD BOOK NUMBER
International Standard Book Number 9786167070032 (v. 1)
020 ## - INTERNATIONAL STANDARD BOOK NUMBER
International Standard Book Number 9789744013101 (v. 2)
020 ## - INTERNATIONAL STANDARD BOOK NUMBER
International Standard Book Number 9789744013118 (v. 3)
020 ## - INTERNATIONAL STANDARD BOOK NUMBER
International Standard Book Number 9789742255282 (v. 5)
020 ## - INTERNATIONAL STANDARD BOOK NUMBER
International Standard Book Number 9789744967435 (v. 7)
020 ## - INTERNATIONAL STANDARD BOOK NUMBER
International Standard Book Number 9789744967459 (v. 9)
020 ## - INTERNATIONAL STANDARD BOOK NUMBER
International Standard Book Number 9789743507762 (v. 10)
020 ## - INTERNATIONAL STANDARD BOOK NUMBER
International Standard Book Number 9789743507779 (v. 11)
020 ## - INTERNATIONAL STANDARD BOOK NUMBER
International Standard Book Number 9789743507861 (v. 12)
020 ## - INTERNATIONAL STANDARD BOOK NUMBER
International Standard Book Number 9786167070926 (v. 13)
020 ## - INTERNATIONAL STANDARD BOOK NUMBER
International Standard Book Number 9786167070933 (v. 14)
020 ## - INTERNATIONAL STANDARD BOOK NUMBER
International Standard Book Number 9786167070940 (v. 15)
020 ## - INTERNATIONAL STANDARD BOOK NUMBER
International Standard Book Number 9786167070957 (v. 16)
020 ## - INTERNATIONAL STANDARD BOOK NUMBER
International Standard Book Number 9786167070995 (v. 17)
020 ## - INTERNATIONAL STANDARD BOOK NUMBER
International Standard Book Number 9786167739014 (v. 19)
020 ## - INTERNATIONAL STANDARD BOOK NUMBER
International Standard Book Number 9786167739021 (v. 20)
020 ## - INTERNATIONAL STANDARD BOOK NUMBER
International Standard Book Number 9786167739038 (v. 21)
020 ## - INTERNATIONAL STANDARD BOOK NUMBER
International Standard Book Number 9786167739045 (v. 22)
020 ## - INTERNATIONAL STANDARD BOOK NUMBER
International Standard Book Number 9786167739083 (v. 23)
020 ## - INTERNATIONAL STANDARD BOOK NUMBER
International Standard Book Number 9786167739090 (v. 24)
040 ## - CATALOGING SOURCE
Original cataloging agency DLC
Transcribing agency hu
Modifying agency DLC
041 0# - LANGUAGE CODE
Language code of text/sound track or separate title tha
-- eng
-- por
042 ## - AUTHENTICATION CODE
Authentication code lcode
-- pcc
043 ## - GEOGRAPHIC AREA CODE
Geographic area code a-th---
050 00 - LIBRARY OF CONGRESS CALL NUMBER
Classification number DS562
Item number .A12 2009
245 00 - TITLE STATEMENT
Title 100 ʻēkkasān samkhan :
Remainder of title sapphasāra prawattisāt Thai /
Statement of responsibility, etc. Winai Phongsīphīan, bannāthikān ; Phatthrā Saksīphānit, phūchūai bannāthikān.
246 3# - VARYING FORM OF TITLE
Title proper/short title Nưng rō̜i ʻēkkasān samkhan
250 ## - EDITION STATEMENT
Edition statement Phim khrang rǣk.
260 ## - PUBLICATION, DISTRIBUTION, ETC.
Place of publication, distribution, etc. [Bangkok] :
Name of publisher, distributor, etc. Khrōngkān Wičhai "100 ʻĒkkasān Samkhan Kīeokap Prawattisāt Thai" nai khwāmsanapsanun khō̜ng Samnakngān Kō̜ngthun Sanapsanun Kānwičhai :
-- Čhatčhamnāi dōi Sūn Nangsư̄ Čhulālongkō̜n Mahāwitthayālai,
Date of publication, distribution, etc. 2552 [2009]-<2555 [2012]->
300 ## - PHYSICAL DESCRIPTION
Extent 24 v. :
Other physical details ill. ;
Dimensions 22 cm.
504 ## - BIBLIOGRAPHY, ETC. NOTE
Bibliography, etc. note Includes bibliographical references.
505 0# - FORMATTED CONTENTS NOTE
Formatted contents note [1] Lamdap thī 1 [Without special title] -- [2] Lamdap thī 2 Čhārưk læ ʻēkkasān phūmpanyā Thai -- [3] Lamdap thī 3 Wannakhadī læ ʻēkkasān Tawantok -- [5] Lamdap thī 5 Čharưk ʻēkkasān Tawantok læ wannakhadī -- [7] Lamdap thī 7 [Without special title] -- [9] Lamdap thī 9 Nithān Sipsō̜ng Līam l Traiphēt -- [10] Lamdap thī 10 [Without special title] -- [11] Lamdap thī 11 [Without special title] -- [12] Lamdap thī 12 [Without special title] -- [13] Lamdap thī 13 [Without special title] -- [14] Lamdap thī 14 [Without special title] -- [15] Lamdap thī 15 [Without special title] -- [16] Lamdap thī 16 [Without special title] -- [17] Lamdap thī 17 [Without special title] -- [19] Lamdap thī 19 [Without special title] -- [20] Lamdap thī 20 [Without special title] -- [21] Lamdap thī 21 [Without special title] -- [22] Lamdap thī 22 [Without special title] -- [23] Lamdap thī 23 [Without special title] -- [24] Lamdap thī 24 [Without special title]
520 ## - SUMMARY, ETC.
Summary, etc. Compilation of historical documents on the history of Thailand.
546 ## - LANGUAGE NOTE
Language note In Thai, with some articles in English and Portuguese.
651 #0 - SUBJECT ADDED ENTRY--GEOGRAPHIC NAME
Geographic name Thailand
General subdivision History
Form subdivision Sources.
9 (RLIN) 35174
700 0# - ADDED ENTRY--PERSONAL NAME
Personal name Winai Phongsīphīan.
9 (RLIN) 35175
700 0# - ADDED ENTRY--PERSONAL NAME
Personal name Phatthrā Saksīphānit.
9 (RLIN) 35176
710 2# - ADDED ENTRY--CORPORATE NAME
Corporate name or jurisdiction name as entry element Khrōngkān Wičhai "100 ʻĒkkasān Samkhan Kīeokap Prawattisāt Thai".
9 (RLIN) 35177
906 ## - LOCAL DATA ELEMENT F, LDF (RLIN)
a 7
b cbc
c origode
d 3
e ncip
f 20
g y-gencatlg
942 ## - ADDED ENTRY ELEMENTS (KOHA)
Source of classification or shelving scheme Dewey Decimal Classification
Koha item type Books like text book referance book
Suppress in OPAC No

No items available.